Sports Quiz

Random Sports or Soccer Quiz

Nationalities of Famous Soccer Players Quiz Stats

Quiz not verified by Sporcle

Challenge
Share
Tweet
Embed
Score 0/83 Timer 15:00
1 Play Today
Name Country of Origin % Correct
Steven GerrardEngland
86.4%
Iker CasillasSpain
86%
Franck RiberyFrance
85.6%
Ji-Sung ParkSouth Korea
85.6%
Landon DonovanUSA
85.4%
Philipp LahmGermany
84.5%
Didier DrogbaIvory Coast
84.4%
Wesley SneijderNetherlands
84.3%
Alessandro Del PieroItaly
84.1%
Ryan GiggsWales
83.4%
Samuel Eto'oCameroon
83.1%
Roberto CarlosBrazil
82.9%
Andrey ArshavinRussia
82.7%
DecoPortugal
81.9%
Nemanja VidicSerbia
80.5%
Freddy LjungbergSweden
79.6%
Dimitar BerbatovBulgaria
78.7%
Mickaël EssienGhana
78.7%
Shunsuke NakamuraJapan
78.4%
Emmanuel AdebayorTogo
76.9%
Harry KewellAustralia
76.8%
Rafael MárquezMexico
76.5%
Steven PienaarSouth Africa
76.3%
Yossi BenayounIsrael
75.7%
Roman RiquelmeArgentina
75.7%
Eidur GudjohnsenIceland
75.6%
John Arne RiiseNorway
75.3%
Aiden McGeadyIreland
75.1%
Name Country of Origin % Correct
Obafemi MartinsNigeria
73.9%
Luis SuárezUruguay
73.9%
Daniel AggerDenmark
73.3%
Roque Santa CruzParaguay
72.1%
Stephen McManusScotland
70.9%
Milan BarosCzech Republic
70.2%
Daniel Van BuytenBelgium
67.2%
Jihai SunChina
67%
Darijo SrnaCroatia
65.2%
Ryan NelsenNew Zealand
64.8%
Vasilios TorosidisGreece
64.1%
Cristian ChivuRomania
63.8%
Jakub 'Kuba' BlaszczykowskiPoland
63.8%
Aliaksandr HlebBelarus
63.7%
Wilson PalaciosHonduras
63.5%
Marouane ChamakhMorocco
63.5%
Marek HamsikSlovakia
62.4%
Anatoliy TymoschukUkraine
62.4%
Luis ValenciaEcuador
61.6%
Claudio PizarroPeru
57.4%
Mohamed ZidanEgypt
57.2%
Frédéric KanoutéMali
55.1%
Kenwyne JonesTrinidad & Tobago
54.4%
Kakhaber KaladzeGeorgia
52.6%
Tranquillo BarnettaSwitzerland
52.3%
Mirko VucinicMontenegro
51.5%
Goran PandevMacedonia
51%
Ricardo FullerJamaica
49.4%
Name Country of Origin % Correct
Michalis KonstantinouCyprus
49.2%
Yasser Al QahtaniSaudi Arabia
47.7%
David PizarroChile
46%
Balázs DzsudzsákHungary
41.9%
Bryan RuizCosta Rica
41.6%
Ali KarimiIran
40.8%
Cristian ZapataColombia
40.4%
Marc JankoAustria
39.3%
Chong TeseNorth Korea
39.2%
Julian de Guzmán Canada
38.9%
Lorik CanaAlbania
35.7%
Karim ZianiAlgeria
35.2%
Milivoje NovakovicSlovenia
35.1%
Sejad SalihovicBosnia and Herzegovina
33.7%
Mamadou NiangSenegal
33.2%
Christopher SambaRepublic of the Congo
33.2%
Edgaras CesnauskisLithuania
32.3%
Juan ArangoVenezuela
30.1%
Roman EremenkoFinland
26.6%
Marcelo MorenoBolivia
24.9%
Daniel CousinGabon
23.1%
Karim HagguiTunisia
21%
Jonathan PitroipaBurkina Faso
14.9%
Server DjeparovUzbekistan
13.4%
Dieumerci MbokaniDemocratic Republic of the Congo
13.1%
Simão Mate JuniorMozambique
12.7%
Ismael BangouraGuinea
11.6%

You're not logged in!

Compare scores with friends on all Sporcle quizzes.
Sign Up with Email
OR
Log In

You Might Also Like...

Show Comments

Extras

Top Quizzes Today


Score Distribution

Your Account Isn't Verified!

In order to create a playlist on Sporcle, you need to verify the email address you used during registration. Go to your Sporcle Settings to finish the process.

Report this User

Report this user for behavior that violates our Community Guidelines.

Details: